| 000 | 00799nam a2200229Ia 4500 | ||
|---|---|---|---|
| 001 | 17297 | ||
| 003 | GE_BSU | ||
| 008 | 181216s||||||||xx |||||||||||||| ||und|| | ||
| 040 | _cGE_BSU | ||
| 080 | _a821.353.1+821.353.1-32 | ||
| 100 | _aლისაშვილი,იაკინთე | ||
| 245 | _aთხზულებანი:ტომი III | ||
| 245 | _bმოთხრობები,მხატვრული ნარკვევები, რომანი | ||
| 245 | _cრედ.: ც. ქაროსანიძე;მხატვ.:დ. დუნდუა | ||
| 260 | _aთბილისი | ||
| 260 | _bმერანი | ||
| 260 | _c1974 | ||
| 300 | _a625გვ.;20სმ | ||
| 653 | _aმოთხრობები | ||
| 653 | _aრომანი | ||
| 942 | _cBK | ||
| 999 |
_c50356 _d50356 |
||